Zarys komercjalizacji przedsiebiorstw panstwowych.

Čo treba riešiť, aby sa starý poľský systém priblížil trhovému hospodárstvu. Vzťahy socialistických jednotiek k hospodárskym subjektom pri podnikaní v rámci trhového hospodárstva. Subjekty obchodného práva. Hospodárske zmluvy o kúpe a predaji. Spolupráca s bankovým systémom. Konkurencia. Jednotný da...

Descrizione completa

Salvato in:
Dettagli Bibliografici
Autore principale: Wasilewski, L.
Natura: Capitolo di libro
Lingua:polacco
Soggetti:
Tags: Aggiungi Tag
Nessun Tag, puoi essere il primo ad aggiungerne!!

MARC

LEADER 00000naa a2200000 4500
001 r003380
005 20220819193213.6
041 0 |a pol 
044 |a PL 
245 1 0 |a Zarys komercjalizacji przedsiebiorstw panstwowych.  |c L. Wasilewski 
520 |a Čo treba riešiť, aby sa starý poľský systém priblížil trhovému hospodárstvu. Vzťahy socialistických jednotiek k hospodárskym subjektom pri podnikaní v rámci trhového hospodárstva. Subjekty obchodného práva. Hospodárske zmluvy o kúpe a predaji. Spolupráca s bankovým systémom. Konkurencia. Jednotný daňový systém. Nájomná práca. 
610 2 0 |a hospodárstvo trhové 
610 2 0 |a podnik štátny 
610 2 0 |a PR 
610 2 0 |a podnikanie 
610 2 0 |a právo obchodné 
610 2 0 |a zmluvy hospodárske 
610 2 0 |a sústava banková 
610 2 0 |a sústava daňová 
610 2 0 |a konkurencia 
100 1 |a Wasilewski, L.